000
00307nam a2200133Ia 4500
008
221030s9999 xx 000 0 und d
041
_a
English
082
_a
105.23
100
_a
Vishav Jeet Singh/334
245
0
_a
SALAL HYDROELECTRICAL POWER PROJECT
260
_a
Jammu
_c
2001
650
_a
EE
942
_c
TH
999
_c
162
_d
162